000 01146nam a2200253 a 4500
001 000002253
005 20240305132554.0
008 090701s2000 dr o000 0 spa d
040 _aDO-SdBNP
_bspa
_cBNPHU
082 _a327.2
_bR426n
110 1 _aRepública Dominicana.
_bSecretaría de Relaciones Exteriores.
_92519
245 1 4 _aLas normas y prácticas consulares /
_cSecretaría de Estado de Relaciones Exteriores ; introducción Eduardo Latorre.
260 _aSanto Domingo :
_bSecretaría de Estado de Relaciones Exteriores,
_c2000
_f(Corripio)
300 _a198 p. ;
_c23 cm.
500 _aIncluye índice y anexo de modelos de documentos relativos a las funciones consulares
590 _aInventariado, 2018/BT
650 4 _aServicio deplomático y consular
_97184
650 4 _aDiplomáticos
_zPrivilegios E Inmunidades
_97185
650 4 _aDerecho diplomático y consular
_zRepública Dominicana
_97186
651 4 _aRepública Dominicana
_xServicio Diplomatico Y Consular
_93000
700 1 _aLatorre, Eduardo,
_d1941-2003
_97187
710 2 _aSecretaría de Estado de Relaciones Exteriores
_97188
910 _aJornada de catalogación
999 _c2099
_d2099